[Event "London Classic rapid op 6th"]
[Site "London"]
[Date "2014.12.06"]
[Round "2"]
[White "Agdestein, Simen"]
[Black "Farkas, Daniel"]
[Result "1-0"]
[WhiteElo "2626"]
[BlackElo "2129"]
[PlyCount "83"]
[EventDate "2014.12.06"]
[EventType "swiss (rapid)"]
[EventRounds "10"]
[EventCountry "ENG"]
[SourceTitle "CBM 163 Extra"]
[Source "ChessBase"]
[SourceDate "2014.12.23"]
[SourceVersion "1"]
[SourceVersionDate "2014.12.23"]
[SourceQuality "1"]

1. e4 c6 2. d4 d5 3. e5 c5 4. dxc5 e6 5. Qg4 Nc6 6. Nf3 Qa5+ 7. c3 Qxc5 8. b4 Qb6 9. b5 Na5 10. Be3 Qc7 11. Bd3 h6 12. 0-0 Bd7 13. Nbd2 Qxc3 14. Be2 Rc8 15. Bxa7 Qc7 16. Bd4 g6 17. Bd3 b6 18. h4 h5 19. Qh3 Nh6 20. a4 Bg7 21. Rfe1 0-0 22. Ng5 Ng4 23. Qg3 Qb8 24. f3 Nh6 25. Qf2 Nc4 26. Nxc4 dxc4 27. Bc2 Nf5 28. Bxf5 exf5 29. f4 Rfe8 30. Bxb6 Bf8 31. Bd4 c3 32. Rec1 Bb4 33. Qa2 Re7 34. Rab1 Ba5 35. Qa3 Ree8 36. Rc2 Rc4 37. Bxc3 Bxc3 38. Rxc3 Rxf4 39. a5 Qxe5 40. Qb3 Re7 41. Nf3 Qf6 42. b6 1-0

[Event "BCF-chT3S 1314 (4NCL)"]
[Site "England"]
[Date "2013.11.16"]
[Round "1.186"]
[White "Asenov, Pavel"]
[Black "Farkas, Daniel"]
[Result "0-1"]
[WhiteElo "1896"]
[BlackElo "2118"]
[PlyCount "100"]
[EventDate "2013.11.16"]
[EventType "team-swiss"]
[EventRounds "6"]
[EventCountry "ENG"]
[SourceTitle "CBM 157 Extra"]
[Source "ChessBase"]
[SourceDate "2013.12.19"]
[SourceVersion "1"]
[SourceVersionDate "2013.12.19"]
[SourceQuality "1"]
[WhiteTeam "Witney"]
[BlackTeam "Fermented Sharks"]
[WhiteTeamCountry "ENG"]
[BlackTeamCountry "ENG"]

1. Nf3 d5 2. d4 Nc6 3. c4 Bg4 4. e3 e5 5. cxd5 Qxd5 6. Nc3 Bb4 7. Be2 exd4 8. exd4 Nge7 9. 0-0 Bxc3 10. bxc3 Qd7 11. Be3 0-0 12. c4 Nf5 13. d5 Bxf3 14. Bxf3 Ne5 15. Bc5 Rfe8 16. Be2 b6 17. Ba3 Rad8 18. Bb2 Qd6 19. Qc2 Qg6 20. Bxe5 Rxe5 21. Bd3 Qh5 22. Bxf5 Rxf5 23. f4 c6 24. h3 Rf6 25. Rae1 cxd5 26. Re5 Qg6 27. Qxg6 hxg6 28. Rxd5 Rc8 29. Rd4 Rfc6 30. Rc1 b5 31. c5 Rxc5 32. Rxc5 Rxc5 33. Rd8+ Kh7 34. Rd7 Rf5 35. Rxa7 Rxf4 36. Ra5 Rb4 37. Kf2 g5 38. g4 Kg6 39. Ra6+ f6 40. Kf3 Rf4+ 41. Kg3 Ra4 42. Rxa4 bxa4 43. Kf3 Kf7 44. Ke3 g6 45. Ke4 Ke6 46. a3 f5+ 47. Kd4 Kd6 48. Kc4 Ke5 49. Kd3 Kf4 50. Kc4 Kg3 0-1

[Event "HUN-chT2 Maroczy 0607"]
[Site "Hungary"]
[Date "2006.12.03"]
[Round "3"]
[White "Farkas, Daniel"]
[Black "Toth, Sarolta"]
[Result "1/2-1/2"]
[WhiteElo "2071"]
[BlackElo "2038"]
[PlyCount "116"]
[EventDate "2006.11.12"]
[EventType "team"]
[EventRounds "11"]
[EventCountry "HUN"]
[SourceTitle "EXT 2008"]
[Source "ChessBase"]
[SourceDate "2007.11.25"]
[SourceVersion "1"]
[SourceVersionDate "2007.11.25"]
[SourceQuality "1"]
[WhiteTeam "Miskolc EMSE"]
[BlackTeam "Koeszolg"]
[WhiteTeamCountry "HUN"]
[BlackTeamCountry "HUN"]

1. e4 c5 2. c3 e6 3. d4 d5 4. e5 Nc6 5. Nf3 Qb6 6. a3 c4 7. Nbd2 Nge7 8. b3 cxb3 9. Nxb3 Ng6 10. Bd3 Bd7 11. Rb1 Qc7 12. 0-0 Be7 13. g3 0-0 14. Ng5 Bxg5 15. Bxg5 b6 16. h4 f6 17. exf6 gxf6 18. Bh6 Rf7 19. Qc2 Nce7 20. h5 Nf8 21. c4 dxc4 22. Qxc4 Qxc4 23. Bxc4 b5 24. Bd3 Nd5 25. Nc5 a6 26. Rfe1 Nc7 27. Rbc1 Rb8 28. Bf4 Rc8 29. Bxc7 Rxc7 30. Nxa6 Ra7 31. Nc7 Rxa3 32. Bxb5 Bxb5 33. Nxb5 Ra5 34. Nc7 Rxh5 35. Nxe6 Nxe6 36. Rxe6 Rd5 37. Rcc6 Rxd4 38. Rxf6 Rfd7 39. Kg2 Rd2 40. Rc5 Kg7 41. Rf4 R7d6 42. Rc7+ Rd7 43. Rxd7+ Rxd7 44. Rf5 Kg6 45. Ra5 Rd2 46. g4 h6 47. Kg3 Rd3+ 48. f3 Rb3 49. Kf4 Rb4+ 50. Ke5 Rb1 51. Ra4 Rb5+ 52. Ke4 h5 53. Ra6+ Kg5 54. gxh5 Kxh5 55. f4 Rb4+ 56. Kf5 Rb5+ 57. Ke6 Kg4 58. Ra4 Rf5 1/2-1/2

[Event "HUN-chT2 Maroczy 0607"]
[Site "Hungary"]
[Date "2006.11.26"]
[Round "2"]
[White "Farkas, Daniel"]
[Black "Kovacs, Laszlo2222"]
[Result "1/2-1/2"]
[WhiteElo "2071"]
[BlackElo "2091"]
[PlyCount "67"]
[EventDate "2006.11.12"]
[EventType "team"]
[EventRounds "11"]
[EventCountry "HUN"]
[SourceTitle "EXT 2008"]
[Source "ChessBase"]
[SourceDate "2007.11.25"]
[SourceVersion "1"]
[SourceVersionDate "2007.11.25"]
[SourceQuality "1"]
[WhiteTeam "Miskolc EMSE"]
[BlackTeam "Teva"]
[WhiteTeamCountry "HUN"]
[BlackTeamCountry "HUN"]

1. e4 c5 2. c3 Nc6 3. d4 cxd4 4. cxd4 e5 5. dxe5 d6 6. Nf3 Bg4 7. Nc3 dxe5 8. Be3 Nf6 9. Qa4 Bxf3 10. gxf3 Bb4 11. Bb5 Bxc3+ 12. bxc3 0-0 13. Rd1 Qc7 14. Bxc6 bxc6 15. 0-0 Qc8 16. Kg2 Nh5 17. Rd6 f5 18. Qxc6 fxe4 19. Qxe4 Qxc3 20. Rc1 Qb2 21. Qg4 Nf6 22. Qe6+ Kh8 23. Rc7 Rae8 24. Re7 e4 25. fxe4 Rxe7 26. Qxe7 Re8 27. Rd8 Rxd8 28. Qxd8+ Ng8 29. Bd4 Qb7 30. Qd5 Qe7 31. Qf5 Qb7 32. f3 a6 33. h4 Qe7 34. Qd5 1/2-1/2

[Event "HUN-chT2 Barcza 0506"]
[Site "Hungary"]
[Date "2006.03.19"]
[Round "9"]
[White "Farkas, Daniel"]
[Black "Toth, Janos"]
[Result "1-0"]
[WhiteElo "2048"]
[BlackElo "2206"]
[PlyCount "89"]
[EventDate "2005.10.16"]
[EventType "team"]
[EventRounds "11"]
[EventCountry "HUN"]
[SourceTitle "EXT 2009"]
[Source "ChessBase"]
[SourceDate "2008.11.26"]
[SourceVersion "1"]
[SourceVersionDate "2008.11.26"]
[SourceQuality "1"]
[WhiteTeam "Kozma Auto"]
[BlackTeam "DEAC"]
[WhiteTeamCountry "HUN"]
[BlackTeamCountry "HUN"]

1. e4 e5 2. Nf3 Nc6 3. Nc3 Nf6 4. d4 exd4 5. Nxd4 d6 6. Nxc6 bxc6 7. Bd3 Be7 8. 0-0 0-0 9. h3 Nd7 10. Ne2 Nc5 11. Be3 Nxd3 12. Qxd3 a5 13. Rfe1 Re8 14. Nd4 Qd7 15. Nf5 Bf6 16. Bd4 Re6 17. Re3 c5 18. Bxf6 Rxf6 19. Rg3 Rg6 20. Re1 Qe6 21. Qd5 Qxd5 22. Ne7+ Kf8 23. Nxg6+ hxg6 24. exd5 Bf5 25. c3 Rb8 26. Rge3 g5 27. g4 Bd7 28. b3 a4 29. c4 g6 30. Kh2 a3 31. Kg3 Kg7 32. f4 gxf4+ 33. Kxf4 Rd8 34. h4 Rh8 35. Re7 Rd8 36. Kg5 c6 37. h5 gxh5 38. gxh5 cxd5 39. h6+ Kg8 40. cxd5 Bb5 41. Kf6 c4 42. Rg1+ Kh8 43. Rb7 cxb3 44. Rxb5 b2 45. Rb3 1-0

[Event "HUN-chT2 Maroczy 0506"]
[Site "Hungary"]
[Date "2005.12.04"]
[Round "5"]
[White "Farkas, Daniel"]
[Black "Szabo, Leon"]
[Result "1-0"]
[WhiteElo "2056"]
[BlackElo "2162"]
[PlyCount "123"]
[EventDate "2005.10.16"]
[EventType "team"]
[EventRounds "11"]
[EventCountry "HUN"]
[SourceTitle "EXT 2009"]
[Source "ChessBase"]
[SourceDate "2008.11.26"]
[SourceVersion "1"]
[SourceVersionDate "2008.11.26"]
[SourceQuality "1"]
[WhiteTeam "Miskolc EMSE"]
[BlackTeam "Edeleny"]
[WhiteTeamCountry "HUN"]
[BlackTeamCountry "HUN"]

1. e4 e6 2. d4 d5 3. Nc3 Bb4 4. Bd2 dxe4 5. Qg4 Nf6 6. Qxg7 Rg8 7. Qh6 Bf8 8. Qh4 Rg4 9. Qh3 Qxd4 10. 0-0-0 Qxf2 11. Be2 Rh4 12. Qxh4 Qxh4 13. g3 Qg4 14. Bxg4 Nxg4 15. Nxe4 b6 16. h3 Bb7 17. hxg4 Bxe4 18. Rh2 Nd7 19. Re1 Bg6 20. Nf3 0-0-0 21. Bc3 Bd6 22. Ne5 Nxe5 23. Bxe5 Be7 24. Rd2 Rg8 25. Red1 f6 26. Bxc7 Be8 27. Bd6 Bd8 28. Rd4 Bc6 29. R1d2 Bf3 30. Rh2 e5 31. Rc4+ Kd7 32. Bb8 Ke6 33. Rxh7 a5 34. Bc7 Bd5 35. Rc3 Be7 36. Bxb6 Bb4 37. Re3 Rxg4 38. a3 Bd6 39. Bxa5 Bc5 40. Rc3 Bd4 41. Rd3 Bc4 42. Be1 Bxd3 43. cxd3 Rg8 44. Rc7 Rb8 45. Rc2 Rb3 46. Bc3 Be3+ 47. Kd1 Kf5 48. Ke2 Bb6 49. a4 Kg4 50. a5 Ba7 51. Rc1 Rb8 52. Rf1 f5 53. Kd2 Rb5 54. b4 Rd5 55. Kc2 Bb8 56. Be1 e4 57. dxe4 fxe4 58. Rf7 e3 59. a6 Be5 60. a7 Rd8 61. b5 Bd4 62. Rf4+ 1-0

[Event "HUN-chT2 Maroczy 0506"]
[Site "Hungary"]
[Date "2005.11.27"]
[Round "4"]
[White "Farkas, Daniel"]
[Black "Horkai, Andras"]
[Result "1-0"]
[WhiteElo "2056"]
[BlackElo "2133"]
[PlyCount "75"]
[EventDate "2005.10.16"]
[EventType "team"]
[EventRounds "11"]
[EventCountry "HUN"]
[SourceTitle "EXT 2009"]
[Source "ChessBase"]
[SourceDate "2008.11.26"]
[SourceVersion "1"]
[SourceVersionDate "2008.11.26"]
[SourceQuality "1"]
[WhiteTeam "Miskolc EMSE"]
[BlackTeam "Vizugy"]
[WhiteTeamCountry "HUN"]
[BlackTeamCountry "HUN"]

1. e4 c5 2. c3 g6 3. d4 Bg7 4. Nf3 Qa5 5. Nbd2 cxd4 6. Nb3 Qc7 7. cxd4 Nf6 8. Bd3 0-0 9. 0-0 d6 10. Bd2 b6 11. Rc1 Qd8 12. Qe2 Bb7 13. e5 dxe5 14. dxe5 Nd5 15. e6 f5 16. Ne5 Nf6 17. f3 a5 18. Bc3 Na6 19. Rfd1 a4 20. Bb5 Nd5 21. Nd4 Nc5 22. Ndc6 Nxc3 23. bxc3 Qc7 24. Rc2 f4 25. Rcd2 Kh8 26. Rd7 Nxd7 27. Rxd7 Qc8 28. Qd3 Bxc6 29. Nxc6 Bf6 30. c4 Qe8 31. Qe4 g5 32. Ne5 Qh5 33. Nc6 a3 34. Nxe7 Rae8 35. Nd5 Bg7 36. Rb7 Qg6 37. Qxg6 hxg6 38. e7 1-0